000 00770nam a2200229Ia 4500
001 16368
003 GE_BSU
008 181216s||||||||xx |||||||||||||| ||und||
020 _a593630356Х
040 _cGE_BSU
245 _aПравила технической эксплуатации нефтебаз
260 _aСанкт-Петербург
260 _bизд-во деан
260 _c2004
300 _a144ст,20см
520 _aзарегистрировано в минисерстве юстиции российской федерации 20июня 2003г
541 _h23Л
653 _aПравила технической эксплуатации нефтебаз
653 _aхимия
653 _aქიმია
942 _cBK
999 _c49445
_d49445